000
00237 a2200097 4500
001
42457
100
_a
Imtiaz Ali Taj
245
_a
Laser weapons in space policy doctrine
260
_a
Boulder
_b
West view press
_c
090
_c
26374
_d
26374
942
_a
NUST-CAE
_c
M
_c
18196
999
_c
277530
_d
277530